Causa por don Isidro de Castro, contra doña Casilda de la Peña, sobre nulidad de matrimonio

Detalles Bibliográficos
Otros Autores: Isidro de Castro
Formato: Libro
Publicado: León, 1620
Materias:
Colección:Banco de datos
Acervo:Biblioteca Palafoxiana. Colección de Manuscritos
Descripción Física:17 f. ; 20.5 x 30.5 cm.
Tema general:Eclesiástica
LEADER 00438nam a22001450004500
035 |a 1066 
245 1 0 |a Causa por don Isidro de Castro, contra doña Casilda de la Peña, sobre nulidad de matrimonio 
260 |a León, 1620 
300 |a 17 f. ; 20.5 x 30.5 cm. 
650 1 0 |a Eclesiástica 
700 1 |a Isidro de Castro 
949 |a 19944/010 
942 |c PALAMANU 
943 |g Biblioteca Palafoxiana. Colección de Manuscritos 
999 |c 1069011  |d 1069011